As you like it (notes)

Uloženo v:
Podrobná bibliografie
Hlavní autor: Shakespeare, William
Médium: Kniha
Jazyk:Undetermined
Vydáno: Nebraska, Estados Unidos Cliff´s Notes 1962
Témata:
Tagy: Přidat tag
Žádné tagy, Buďte první, kdo vytvoří štítek k tomuto záznamu!

MARC

LEADER 00000nam a2200000Ia 4500
008 170316s9999 xx 000 0 und d
040 |a cru BVZT 
090 |a 820 S-5as 
100 |a Shakespeare, William 
245 |a As you like it (notes) 
260 |a Nebraska, Estados Unidos 
260 |b Cliff´s Notes 
260 |c 1962 
300 |a 54 páginas 
650 |a LITERATURA INGLESA 
999 |c 7105  |d 7105 
942 |c 15 D  |h 820 S-5as  |2 z